| 000 | 00391 a2200121 4500 | ||
|---|---|---|---|
| 040 |
_aDLC _bDLC |
||
| 100 | _aHadi, S. S. | ||
| 245 |
_aThe rainbow concept of life: A guide to happiness, contentment and Success _cS. S. Hadi |
||
| 260 |
_aIslamabad: _bManzil Publications, _c2009. |
||
| 300 |
_a66 p. ; _c23 cm. |
||
| 650 | _a1.Happiness. 2.Success. 3.Conduct of life. | ||
| 942 |
_cBK _k158.1 HAD _2ddc |
||
| 999 |
_c10136 _d10136 |
||